| 000 | 00792nas a2200253 4500 | ||
|---|---|---|---|
| 001 | BR0803851 | ||
| 003 | BR-BrBNA | ||
| 005 | 20231205112339.0 | ||
| 007 | ta | ||
| 008 | 230509b bl.|||p| |||| 00| 00por d | ||
| 040 |
_aBR-BrBNA _bpor _cBiblioteca Nacional de Agricultura |
||
| 041 | _a(En) | ||
| 072 | _aQ03 | ||
| 100 | 1 | _aMartinez, J.A. | |
| 100 | 1 | _aFernández-Trujillo, J.P. | |
| 245 | 1 | _aNecrotrophic fungi associated with epidermal microcracking caused by chilling injury in pickling cucumber fruit | |
| 650 | _aPEPINO | ||
| 650 | _aFUNGO | ||
| 650 | _aCONSERVA | ||
| 650 | _aENLATADO | ||
| 773 | 0 |
_tPesquisa Agropecuária Brasileira (Brazil) _xISSN 0100-204X _g(Apr 2007), v. 42(4) p. 593-598 _wBR0803851 |
|
| 909 |
_a202311 _bLúcia _c55 _dLúcia Elande |
||
| 942 |
_2AGRIS _n0 _cANA |
||
| 999 |
_c197549 _d197549 |
||